000 00883nam a2200289 i 4500
003 EG-GICUC
005 20260121101449.0
008 251210s1911 -uk||||fr|||| 001 0 eng d
040 _aEG-GiCUC
_beng
_cEG-GiCUC
_dEG-GiCUC
_erda
041 0 _aeng
082 0 4 _221
_a338.82
_bLE . M
092 0 4 _221
099 _aLaw1 13 338.82 LE . M 1911
100 1 _aLevy, Hermann
_eAuthor.
245 1 0 _aMonopoly and competition /
_cBy Hermann Levy,
264 1 _aLondon :
_bMacmillan and co, limited,
_c1911.
300 _a333 pages ;
_c24 cm
336 _2rda content
_atext
337 _2rda media
_aComputer
338 _2rda carrier
_aOnline Resource
500 _aIncludes index.
546 _aText in English
650 1 4 _aPublic finance and tax legislation
856 4 0 _uhttps://fll.law.cu.edu.eg/fulltext/bks/B13-08534.pdf
905 _a30
_eHassnaa
942 _2ddc
_cBK
_e21
_n0
999 _c49628
_d49628